000 02573nam a2200361Ia 4500
999 _c56122
_d56122
001 23223
003 GE_BSU
005 20250916204705.0
008 181216s1979||||ge |||||||||||||| ||geo||
040 _cGE_BSU
041 _ageo
080 _a94(479.22) ბ-57
100 _aბერძენიშვილი, ნიკოლოზ
_91447
245 _aსაქართველოს ისტორიის საკითხები. წ. 9 :
_bმასალები ავტორის არქივიდან /
_cნიკოლოზ ბერძენიშვილი ; რედ. : გ. აკოფაშვილი, მ. ბერძენიშვილი, ა. ბოგვერაძე, მ. დუმბაძე, დ. მეგრელაძე, შ. ხანთაძე, ედ. ხოშტარია, გ. ჯამბურია ; მხატვარი გ. ნადირაძე ; საქ. სსრ მეცნ. აკად., ივ. ჯავახიშვილის სახ. ისტორიის ინ-ტი.
264 _aთბილისი :
_bმეცნიერება,
_c1979.
300 _a281 გვ. ;
_c22 სმ.
500 _aსაძიებლები : გვ. 266-279
520 _aგაშლ თავფ. რუს. ენ.
541 _h3ლ.20თ.
653 _aსაქართველოს ისტორია
653 _aსაქართველოს ისტორიის საკითხები
653 _aწ. 9 : მასალები ავტორის არქივიდან
700 _aბერძენიშვილი, მ.
_eრედაქტორი
_918011
700 _aბოგვერაძე, ა.
_eრედაქტორი
_925828
700 _aდუმბაძე, მ.
_eრედაქტორი
_925829
700 _aმეგრელაძე, დ.
_eრედაქტორი
_919023
700 _aხანთაძე, შ.
_eრედაქტორი
_93464
700 _a ხოშტარია, ედ.
_eრედაქტორი
_925830
700 _a ჯამბურია, გ.
_e რედაქტორი
_925831
700 _aნადირაძე, გ.
_eმხატვარი
_925832
710 _aსაქართველოს სსრ მეცნიერებათა აკადემია
_bივ. ჯავახიშვილის სახ. ისტორიის ინსტიტუტი
_918018
942 _cBK
_2udc